000 00632nam a2200205 i 4500
001 bg
100 1 _aSZCZEPAŃSKI, Marek S.
245 0 _aPokusy nowoczesności :
_bpolski dylematy rozwojowe /
_cMarek S. Szczepański.
260 _aKatowice :
_bWydaw. Naukowe Andrzej Matczewski Publisher,
_c1992.
300 _a110 s. ;
_c20 cm.
504 _aBibliogr. s. 103-108.
650 9 _aTransrofmacja ustrojowa
_xsocjologia
_zPolska
_yod 1989 r.
020 _a8385607021
040 _cBPK
041 _apl
080 _a316.422(438)"1989/..."
920 _a83-85607-02-1
942 _cKS
008 s pl f |000 0 pol
999 _c35359
_d35359
856 _uhttp://koha.tu.koszalin.pl/cgi-bin/koha/opac-detail.pl?biblionumber=35359
_yKatalog online BPK